[Event "Let's Play Chess!"]
[Site "http://www.queenalice.com/game.php?id=21741"]
[Date "2005.7.28"]
[Round "-"]
[White "valdecir"]
[Black "cJw314"]
[Result "1-0"]
[WhiteElo "1498"]
[BlackElo "1534"]

1. e3 Nc6 2. Bb5 Nf6 3. Bxc6 bxc6 4. b3 e5 5. Bb2 d6 6. Qf3 Bb7 7. Nh3 e4 8. Qf4
d5 9. c4 Bd6 10. Bxf6 gxf6 11. Qg4 dxc4 12. Qxe4+ Be7 13. Qxc4 Qd6 14. O-O O-O-O
15. Qxf7 Ba6 16. Rd1 Qe5 17. d4 Qe4 18. Nd2 Qc2 19. Qxe7 Qg6 20. Qe6+ Kb8 21.
Nf4 Qg7 22. Qh3 Qe7 23. Qe6 Qg7 24. Qxc6 Bb7 25. Qe6 Bd5 26. Nxd5 Rde8 27. Qxf6
Rhg8 28. Qxg7 1-0

[Event "Challenge"]
[Site "http://www.queenalice.com/game.php?id=21746"]
[Date "2005.7.28"]
[Round "-"]
[White "charlottechua"]
[Black "valdecir"]
[Result "0-1"]
[WhiteElo "1223"]
[BlackElo "1652"]

1. e4 e6 2. d4 b6 3. Nc3 Bb7 4. Nf3 Bb4 5. Bd2 Bxc3 6. Bxc3 Bxe4 7. Bd3 Bb7 8.
d5 f6 9. dxe6 dxe6 10. Qe2 Qd7 11. O-O-O Qe7 12. Be4 Bxe4 13. Qxe4 c6 14. Nd4 f5
15. Qf3 Kf7 16. Nxc6 Nxc6 17. Qxc6 Qe8 18. Rd7+ Ne7 19. Bb4 Rc8 20. Qa4 Rc4 21.
Rxe7+ Qxe7 22. Bxe7 Rxa4 23. Ba3 Rd8 24. g3 b5 25. c3 a5 26. Bc5 Rxa2 27. Kb1
Ra4 28. b3 Re4 29. f3 Re5 30. Bb6 a4 31. Bxd8 axb3 32. Kb2 Re3 33. Rf1 Re2+ 34.
Kxb3 Rxh2 35. Re1 Rd2 36. Ba5 Rg2 37. Bc7 g5 38. Kb4 Rb2+ 39. Kc5 b4 40. cxb4
Ke7 41. Bd6+ Kd7 42. Re5 Rc2+ 43. Kd4 Kxd6 44. b5 Rc1 45. f4 gxf4 46. gxf4 Rd1+
47. Ke3 Rd5 48. Rxd5+ exd5 49. Kd4 h5 50. Kc3 Kc5 0-1

[Event "AUTO-INT-31"]
[Site "http://www.queenalice.com/game.php?id=21770"]
[Date "2005.7.28"]
[Round "1"]
[White "randz12"]
[Black "valdecir"]
[Result "0-1"]
[WhiteElo "1270"]
[BlackElo "1607"]

1. e4 e6 2. Nf3 b6 3. Nc3 Bb7 4. d3 Nf6 5. Bf4 Nh5 6. Bg5 Be7 7. h4 Bxg5 8. hxg5
g6 9. Ne5 Qxg5 10. d4 d6 11. Nf3 Qa5 12. d5 exd5 13. exd5 Nf6 14. Qe2+ Kd8 15.
Ng5 Re8 16. Nxf7+ Kc8 17. Qxe8+ Nxe8 18. Rxh7 Bxd5 19. Ng5 Bxg2 20. Bxg2 Qxg5
21. a4 Qxg2 22. Rd1 Na6 23. Ne2 g5 24. c3 Nc5 25. b4 Nxa4 26. Rd5 Qxd5 27. Ng3
Nxc3 28. Nh5 Qd1# 0-1

[Event "AUTO-INT-31"]
[Site "http://www.queenalice.com/game.php?id=21771"]
[Date "2005.7.28"]
[Round "1"]
[White "valdecir"]
[Black "randz12"]
[Result "1-0"]
[WhiteElo "1620"]
[BlackElo "1270"]

1. e3 e5 2. b3 Nf6 3. Bb2 Nc6 4. Bb5 Nb4 5. Bxe5 Ne4 6. Bd3 Ng5 7. h4 Ne6 8. Bc4
d5 9. Bf1 Nc5 10. Bc3 Nc6 11. Nf3 Bg4 12. Be2 Bxf3 13. Bxf3 f5 14. Bh5+ g6 15.
Bxh8 a5 16. Bf3 d4 17. Bxc6+ bxc6 18. Bxd4 Ne4 19. h5 g5 20. d3 Nd6 21. Bc5 Nf7
22. Bxf8 Kxf8 23. Qf3 Ne5 24. Qxf5+ Nf7 25. Qxh7 Qd5 26. Qe4 Rd8 27. Qxd5 Rxd5
28. h6 Kg8 29. h7+ Kh8 30. Nc3 Rc5 31. Kd2 g4 32. Rh4 Ne5 33. Rah1 Ng6 34. Rxg4
Nf8 35. Rg8# 1-0

[Event "AUTO-INT-31"]
[Site "http://www.queenalice.com/game.php?id=21780"]
[Date "2005.7.28"]
[Round "1"]
[White "valdecir"]
[Black "charlottechua"]
[Result "1-0"]
[WhiteElo "1652"]
[BlackElo "1194"]

1. e3 e5 2. b3 d5 3. Bb2 Nc6 4. Nf3 e4 5. Nd4 Nxd4 6. Bxd4 Nf6 7. d3 c5 8. Bb2
Bd6 9. Nc3 Bf5 10. dxe4 dxe4 11. Nb5 O-O 12. Qxd6 a6 13. Qxd8 Raxd8 14. Bxf6
gxf6 15. Nc3 b5 16. Rd1 b4 17. Rxd8 Rxd8 18. Na4 Bg4 19. Be2 Bxe2 20. Kxe2 Rd5
21. Rd1 Rh5 22. h3 Rf5 23. g4 Rf3 24. Nxc5 Rxh3 25. Nxe4 Kg7 26. Rd6 1-0

[Event "AUTO-INT-31"]
[Site "http://www.queenalice.com/game.php?id=21781"]
[Date "2005.7.28"]
[Round "1"]
[White "charlottechua"]
[Black "valdecir"]
[Result "0-1"]
[WhiteElo "1223"]
[BlackElo "1652"]

1. e4 e6 2. Nf3 b6 3. Nc3 Bb7 4. d4 Bb4 5. Bd3 Nf6 6. O-O Bxc3 7. bxc3 Nxe4 8.
c4 O-O 9. a4 Nf6 10. Bg5 c5 11. d5 exd5 12. cxd5 Bxd5 13. Bxh7+ Kxh7 14. Bxf6
Qxf6 15. Qxd5 Qc6 16. Ng5+ Kg6 17. Qxc6+ Nxc6 18. Ne4 d5 19. Nd2 Rfe8 20. Rfe1
Nd4 21. Rac1 Rxe1+ 22. Rxe1 Nxc2 23. Re5 d4 24. f4 f6 25. Re7 f5 26. Nf3 Kf6 27.
Rc7 Nb4 28. Ne5 d3 29. Rd7 g5 30. Rd6+ Ke7 31. Rh6 gxf4 32. Ng6+ Kf7 33. Nxf4 d2
34. Rd6 Re8 35. Rxd2 Re4 36. Nd5 Nxd5 37. Rxd5 Ke6 38. Rd2 Rxa4 39. Re2+ Re4 40.
Ra2 a5 41. Rb2 Rb4 42. Re2+ Kf6 43. Kf2 c4 44. Rc2 b5 45. Kf3 a4 46. g4 fxg4+
47. Kxg4 c3+ 48. Kg3 Rb3 49. h4 b4 50. Kg4 Rb2 51. Rc1 c2 52. h5 Kg7 53. Kg5 b3
54. h6+ Kg8 55. Kg6 Rb1 0-1

[Event "Challenge"]
[Site "http://www.queenalice.com/game.php?id=22652"]
[Date "2005.8.4"]
[Round "-"]
[White "valdecir"]
[Black "rafael_keller"]
[Result "1-0"]
[WhiteElo "1643"]
[BlackElo "1570"]

1. e3 e5 2. b3 e4 3. Bb2 d5 4. d3 exd3 5. Qxd3 Nh6 6. g3 c5 7. Bg2 Be6 8. c4 d4
9. Bxb7 Qa5+ 10. Qd2 Qd8 11. Bxa8 Na6 12. Bc6+ Bd7 13. Bxd7+ Qxd7 14. exd4 cxd4
15. Qxd4 Qxd4 16. Bxd4 Bb4+ 17. Bc3 O-O 18. Bxb4 Nxb4 19. Kd2 Ng4 20. Nh3 Nxf2
21. Nxf2 1-0

[Event "Challenge"]
[Site "http://www.queenalice.com/game.php?id=22854"]
[Date "2005.8.5"]
[Round "-"]
[White "cc"]
[Black "valdecir"]
[Result "0-1"]
[WhiteElo "1493"]
[BlackElo "1652"]

1. d4 e6 2. a3 b6 3. e4 Bb7 4. Nc3 Nf6 5. e5 Ng8 6. Nf3 Nc6 7. Bg5 Be7 8. Qd2 h6
9. Bxe7 Ngxe7 10. Bb5 O-O 11. O-O-O a6 12. Bd3 d6 13. Qf4 Ng6 14. Qg3 Nce7 15.
h4 Nf5 16. Qg4 dxe5 17. dxe5 Bxf3 18. Qxf3 Nxe5 19. Qe4 Nxd3+ 20. Rxd3 Nd6 21.
Qf4 Qf6 22. g3 Qxf4+ 23. gxf4 f5 24. b3 Ne4 25. Nxe4 fxe4 26. Rc3 Rac8 27. Rc6
Rxf4 28. Rxe6 Kf7 29. Rc6 Rxf2 30. Re1 Rf4 31. h5 Rh4 32. Rc4 Rxh5 33. Rcxe4 g5
34. Re7+ Kf8 35. R1e6 g4 36. Rh7 Kg8 37. Rhxh6 Rxh6 38. Rxh6 Kf7 39. Kd2 Rg8 40.
Ke2 g3 41. Kf1 g2+ 42. Kg1 Ke7 43. Rh2 Kd6 44. Rxg2 Rxg2+ 45. Kxg2 Kd5 46. Kf2
Kd4 47. Ke2 Kc3 48. Kd1 Kb2 49. a4 a5 50. Kd2 c6 51. Kd3 b5 52. c4 bxa4 0-1

[Event "Challenge"]
[Site "http://www.queenalice.com/game.php?id=22901"]
[Date "2005.8.6"]
[Round "-"]
[White "valdecir"]
[Black "kligw"]
[Result "0-1"]
[WhiteElo "1673"]
[BlackElo "1643"]

1. e3 e5 2. b3 Bc5 3. Bb2 d6 4. f4 Qe7 5. Qe2 Nf6 6. Nf3 O-O 7. fxe5 dxe5 8.
Bxe5 Bg4 9. h3 Bxf3 10. Qxf3 Qxe5 11. c3 Qe4 12. Qg3 Bd6 13. Qf2 Nh5 14. d3 Qe7
15. Nd2 Bg3 0-1

[Event "Challenge"]
[Site "http://www.queenalice.com/game.php?id=23195"]
[Date "2005.8.8"]
[Round "-"]
[White "rafael_keller"]
[Black "valdecir"]
[Result "0-1"]
[WhiteElo "1560"]
[BlackElo "1647"]

1. e4 b6 2. d4 Bb7 3. d5 e6 4. c4 exd5 5. cxd5 g6 6. Na3 Qf6 7. Nb5 Na6 8. Nh3
c6 9. dxc6 dxc6 10. Nc3 Bb4 11. Bd2 Rd8 12. Qc2 Ne7 13. Be2 O-O 14. O-O Bd6 15.
g3 Nb4 16. Qb3 Qe6 17. Bc4 Qxh3 18. Ne2 b5 19. Bd3 Nxd3 20. Qxd3 Bb4 21. Nd4
Bxd2 22. Qxd2 c5 23. Qg5 f6 24. Qxc5 Bxe4 25. f3 Bd3 26. Rfd1 Rd5 27. Qxa7 Nc8
28. Qa3 Rxd4 29. Rxd3 Rxd3 30. Qxd3 Qf5 31. Qb3+ Kg7 32. a4 bxa4 33. Qxa4 Qxf3
34. Rf1 Qe3+ 35. Rf2 Rd8 36. Qb4 f5 37. Kg2 Qe4+ 38. Qxe4 fxe4 39. b4 e3 40. Re2
Rd2 41. Kf3 Rd4 42. Rb2 Rd2 43. Rxd2 exd2 44. Ke2 Kf7 45. Kxd2 Ke7 46. Ke3 Kd6
47. Kf4 h6 48. h4 Ne7 49. b5 Nd5+ 50. Ke4 Nc3+ 51. Kf4 Nxb5 52. h5 Ke6 53. hxg6
Kf6 54. Kg4 Kxg6 55. Kh4 Nd6 56. g4 Ne4 57. Kh3 Kg5 58. Kg2 Kxg4 59. Kh2 h5 0-1

[Event "Challenge"]
[Site "http://www.queenalice.com/game.php?id=23956"]
[Date "2005.8.13"]
[Round "-"]
[White "valdecir"]
[Black "kligw"]
[Result "0-1"]
[WhiteElo "1670"]
[BlackElo "1805"]

1. e3 e5 2. b3 Nf6 3. Bb2 Nc6 4. Bb5 d6 5. Nf3 Bd7 6. d4 exd4 7. exd4 Be7 8. O-O
d5 9. Re1 O-O 10. Ba3 Bxa3 11. Nxa3 a6 12. Be2 Ne4 13. Ne5 Nxe5 14. dxe5 Qe7 15.
Qxd5 Bc6 16. Qd4 Qxa3 17. Bf3 Qc5 18. Rxe4 Qxc2 19. Re2 Qg6 20. Bxc6 Qxc6 21.
Ree1 Rad8 22. Qe4 Qxe4 23. Rxe4 Rd2 24. f4 Rfd8 25. Ree1 Kf8 26. a4 c6 27. Re3
Rb2 28. h3 Rdd2 29. Rg3 g6 30. h4 Ke7 31. Rc1 Ke6 32. Kh2 h6 33. Kh3 Rd4 34. Rf3
Kf5 35. g4+ Ke4 36. Kg3 Rdd2 37. Re1+ Re2 38. Rxe2+ Rxe2 39. h5 gxh5 40. gxh5
Re1 41. Kf2 Rh1 42. Kg2 Rxh5 43. Rf1 Rf5 44. Kg3 h5 45. a5 Kd5 46. Rd1+ Ke6 47.
Rd6+ Ke7 48. Rh6 f6 49. exf6+ Rxf6 50. Rxh5 Rf7 51. f5 Kf6 52. Kf4 Rd7 53. Rh6+
Kg7 54. Kg5 Rd5 55. Rg6+ Kf7 56. b4 Rb5 57. Rd6 Rxb4 58. Rd7+ Ke8 59. Rh7 Rb5
60. Kg6 Rxa5 61. Rh8+ Kd7 62. f6 Ra1 63. Rh7+ Ke6 64. Re7+ Kd6 65. Kf7 b5 66.
Ke8 Rf1 67. f7 a5 68. f8=Q Rxf8+ 69. Kxf8 a4 70. Kf7 a3 71. Re6+ Kd5 72. Re8 b4
73. Ra8 c5 74. Rd8+ Kc4 75. Ra8 Kb3 76. Ke6 a2 77. Kd5 c4 78. Kc5 c3 0-1

[Event "AUTO-INT-31"]
[Site "http://www.queenalice.com/game.php?id=49915"]
[Date "2006.1.28"]
[Round "2"]
[White "big2003"]
[Black "valdecir"]
[Result "0-1"]
[WhiteElo "1482"]
[BlackElo "1677"]

1. d4 e6 2. c4 b6 3. Nc3 Bb7 4. Nf3 h6 5. e4 Bb4 6. Bd2 Bxc3 7. Bxc3 Bxe4 8. Be2
Nf6 9. O-O O-O 10. Bd3 Bxd3 11. Qxd3 d5 12. cxd5 Nxd5 13. Rac1 Nxc3 0-1

[Event "AUTO-INT-31"]
[Site "http://www.queenalice.com/game.php?id=49919"]
[Date "2006.1.28"]
[Round "2"]
[White "valdecir"]
[Black "zechariahsl"]
[Result "1-0"]
[WhiteElo "1698"]
[BlackElo "1492"]

1. e3 e5 2. g3 d5 3. c3 Bf5 4. Qf3 Bg6 5. d3 Nc6 6. Nh3 Nf6 7. Bg2 Bxd3 8. Qd1
Bxb1 9. Rxb1 e4 10. O-O Bc5 11. Qb3 Bb6 12. Bd2 Qd6 13. Rbd1 O-O-O 14. Ng5 Rd7
15. c4 h6 16. cxd5 Qxd5 17. Qxd5 Nxd5 18. Nxe4 Rhd8 19. Bh3 Ncb4 20. Bxd7+ Rxd7
21. Bxb4 1-0

[Event "AUTO-INT-31"]
[Site "http://www.queenalice.com/game.php?id=49920"]
[Date "2006.1.28"]
[Round "2"]
[White "zechariahsl"]
[Black "valdecir"]
[Result "0-1"]
[WhiteElo "1538"]
[BlackElo "1687"]

1. Nf3 e6 2. c4 b6 3. g3 Bb7 4. Bg2 Nh6 5. d3 Qf6 6. Nc3 Bb4 7. Bd2 O-O 8. Qc2
Bc5 9. Ne4 Bxe4 10. dxe4 Na6 11. e5 Qf5 12. Rc1 Qxc2 13. Rxc2 Nb4 14. Bxb4 Bxb4+
15. Nd2 Rad8 16. O-O Ng4 17. f4 Ne3 18. Rfc1 Nxc2 19. Rxc2 d6 20. exd6 Bxd2 21.
dxc7 Be3+ 22. Kf1 Rd1# 0-1

[Event "AUTO-MASTER-148"]
[Site "http://www.queenalice.com/game.php?id=70332"]
[Date "2006.5.20"]
[Round "1"]
[White "valdecir"]
[Black "alib2004"]
[Result "1-0"]
[WhiteElo "1707"]
[BlackElo "1854"]

1. e3 c5 2. b3 Nc6 3. Bb2 e6 4. Qg4 Nf6 5. Qf3 Be7 6. Nh3 h6 7. Na3 a6 8. Qg3
O-O 9. Be2 d5 10. O-O b5 11. Rad1 Re8 12. Bf3 b4 13. Nb1 Bd6 14. Bxf6 Bxg3 15.
Bxd8 Bxh2+ 16. Kxh2 Rxd8 17. c3 bxc3 18. Nxc3 d4 19. Bxc6 Rb8 20. exd4 cxd4 21.
Ne2 Rb6 22. Be4 f5 23. Bb1 e5 24. Ng3 g6 25. Rfe1 e4 26. d3 Bb7 27. dxe4 fxe4
28. Bxe4 1-0

[Event "AUTO-MASTER-148"]
[Site "http://www.queenalice.com/game.php?id=70333"]
[Date "2006.5.20"]
[Round "1"]
[White "alib2004"]
[Black "valdecir"]
[Result "1/2-1/2"]
[WhiteElo "1781"]
[BlackElo "1739"]

1. e4 b6 2. Bc4 Bb7 3. d3 d5 4. exd5 Bxd5 5. Bxd5 Qxd5 6. Nf3 Na6 7. Nc3 Qe6+ 8.
Be3 f6 9. O-O Nh6 10. Bxh6 gxh6 11. Re1 Qc6 12. a3 Rg8 13. Ne4 f5 14. Nc3 Qg6
15. g3 Bg7 16. Qe2 Qf7 17. d4 Nb8 18. Ne5 Bxe5 19. Qxe5 c6 20. d5 Nd7 21. Qe6
Qxe6 22. Rxe6 Rg6 23. Rxc6 Rxc6 24. dxc6 Ne5 25. Rd1 Nxc6 26. Nd5 Rd8 27. Nc7+
Kf7 28. Rxd8 Nxd8 29. b4 Ne6 30. Nxe6 Kxe6 31. f4 Kd5 32. Kf2 Kd4 33. Ke2 Kc3
34. Kd1 a5 35. bxa5 bxa5 36. a4 Kb4 37. Kd2 Kxa4 38. Kc3 Kb5 39. Kd4 a4 40. Kc3
h5 41. h4 e6 42. Kb2 Kc4 43. Ka3 Kc3 44. Kxa4 Kxc2 45. Kb4 Kd3 46. Kc5 Ke3 47.
Kd6 Kf3 48. Kxe6 Kxg3 49. Kxf5 Kxh4 50. Ke6 Kg3 51. f5 h4 52. f6 h3 53. f7 h2
54. f8=Q h1=Q 55. Qg7+ Kf2 56. Qd4+ Kg3 57. Qe5+ Kg2 58. Qe4+ 1/2-1/2

[Event "AUTO-MASTER-148"]
[Site "http://www.queenalice.com/game.php?id=70334"]
[Date "2006.5.20"]
[Round "1"]
[White "valdecir"]
[Black "Raiman"]
[Result "0-1"]
[WhiteElo "1741"]
[BlackElo "2026"]

1. e3 e5 2. g3 d5 3. Bg2 c5 4. d4 cxd4 5. exd4 e4 6. c4 Nf6 7. cxd5 Qxd5 8. Nc3
Qa5 9. Qa4+ Qxa4 10. Nxa4 Nc6 11. Ne2 Bg4 12. Nc5 Bxe2 13. Be3 Bxc5 14. dxc5 Bd3
15. a3 O-O-O 16. Bh3+ Kb8 17. Rd1 Nd5 18. Bc1 Rhe8 19. Bf1 Nd4 20. Bxd3 exd3+
21. Kf1 Nb3 22. Bd2 Re2 23. Bc3 Nxc3 24. bxc3 Rd5 25. Rxd3 Rxf2+ 26. Kxf2 Rxd3
27. c6 bxc6 28. c4 Nc5 29. Re1 Rxa3 30. Re7 Rb3 31. Rxf7 a5 32. Rxg7 a4 33. Rxh7
a3 34. Rh8+ Kb7 35. Rh7+ Kb6 36. Rh8 a2 0-1

[Event "AUTO-MASTER-148"]
[Site "http://www.queenalice.com/game.php?id=70335"]
[Date "2006.5.20"]
[Round "1"]
[White "Raiman"]
[Black "valdecir"]
[Result "1-0"]
[WhiteElo "2019"]
[BlackElo "1734"]

1. e4 b6 2. Bc4 Bb7 3. Nc3 Nf6 4. d3 d5 5. exd5 Nxd5 6. Nf3 Nxc3 7. bxc3 Bd5 8.
Bxd5 Qxd5 9. O-O e6 10. c4 Qh5 11. Bb2 Nc6 12. d4 O-O-O 13. Qd3 Nb4 14. Qe4 c6
15. a3 Na6 16. Qxc6+ Nc7 17. d5 Rd6 18. Qa4 exd5 19. Qxa7 dxc4 20. Be5 Rc6 21.
Rfd1 f6 22. Bxc7 Rxc7 23. Qa8# 1-0

[Event "AUTO-MASTER-148"]
[Site "http://www.queenalice.com/game.php?id=70336"]
[Date "2006.5.20"]
[Round "1"]
[White "valdecir"]
[Black "peace"]
[Result "1-0"]
[WhiteElo "1729"]
[BlackElo "1569"]

1. e3 d5 2. g3 e5 3. Qe2 Nf6 4. Bh3 Bxh3 5. Nxh3 Nc6 6. b3 g6 7. O-O Bg7 8. Bb2
O-O 9. Qb5 Rb8 10. Ba3 a6 11. Qa4 Re8 12. Bb2 Qd7 13. Ng5 Bh6 14. Qh4 Bxg5 15.
Qxg5 Kg7 16. Qh4 Ne7 17. Bxe5 Ng8 18. Qf4 Qc6 19. Na3 Rbc8 20. c4 dxc4 21. Nxc4
Re6 22. Rac1 Qd5 23. e4 Qd8 24. Na5 b6 25. Nb7 Qe8 26. Bxc7 Nxe4 27. d3 Ngf6 28.
dxe4 Nxe4 29. Nd6 Nxd6 30. Bxd6 Rxc1 31. Rxc1 Re4 32. Qf3 Re6 33. Qc3+ Kh6 34.
Bf4+ g5 35. Bd2 b5 36. Re1 Rxe1+ 37. Bxe1 Qe2 38. Qd2 Qxd2 39. Bxd2 f5 40. f4 g4
41. Kf2 Kg6 42. Ke3 Kf6 43. Kd4 Ke6 44. Kc5 h5 45. Kb6 Kd5 46. Kxa6 Kc5 47. a4
bxa4 48. bxa4 Kc6 49. a5 Kc5 50. Kb7 Kb5 51. a6 Kc5 52. a7 Kd6 53. a8=Q Kd5 54.
Qa5+ Kd4 55. Qxf5 Kc4 56. Qe4+ Kc5 57. f5 1-0

[Event "AUTO-MASTER-148"]
[Site "http://www.queenalice.com/game.php?id=70337"]
[Date "2006.5.20"]
[Round "1"]
[White "peace"]
[Black "valdecir"]
[Result "0-1"]
[WhiteElo "1436"]
[BlackElo "1729"]

1. d4 b6 2. g3 Bb7 3. f3 g6 4. Bg2 e6 5. Nh3 Bh6 6. Bxh6 Nxh6 7. O-O Qf6 8. Nc3
O-O 9. a4 Na6 10. a5 Nf5 11. Ra4 Ne3 12. Qd3 Nxf1 13. Kxf1 e5 14. d5 Nc5 15. Qb5
Nxa4 16. Nxa4 c6 17. dxc6 Qxc6 18. Qb3 bxa5 19. f4 Qxg2+ 20. Ke1 Qh1+ 21. Kd2
Qd5+ 22. Qxd5 Bxd5 23. fxe5 Rfe8 24. Nc5 Rxe5 25. Nxd7 Re6 26. Nf4 Rd6 27. Ne5
f6 28. Ned3 Bc4 29. b3 Bxd3 30. exd3 Kg7 31. h4 Re8 32. g4 Rd4 33. Ne2 Rxg4 34.
c4 Rg2 35. Kc3 Rgxe2 36. b4 axb4+ 37. Kxb4 Rb8+ 38. Kc3 Rh2 39. d4 Rh3+ 40. Kc2
Rb4 41. Kd2 Rxc4 42. Kd1 Rh2 0-1